000 01228nam a22002417a 4500
003 DO-SdBNP
005 20230314131223.0
008 230314b1998 dr ||||| |||| 00| 0 spa d
040 _aDO-SdBNP
_bspa
_cBNPHU
082 4 _a001.42
_bD663m, 1998
_222
100 1 _aD´Oleo, Frank
_97
245 1 0 _aMetodología y técnicas de la investigación científica :
_blecturas y ejercicios prácticos /
_cFrank D´ Oleo.
250 _a2a ed.
260 _aSanto Domingo :
_bs. n.,
_c1998.
300 _a192 p. :
_bilustraciones ;
_c21 cm.
505 0 _aEl problema del conocimiento --
_tLa investigación científica --
_tEl planteamiento de la investigación --
_tFijación de los objetivos de la investigación --
_tMarco teórico --
_tFormación de hipótesis --
_tMétodos y técnicas --
_tInstrumentos de reunión de datos --
_tConstrucción de cuestionarios y procedimientos de entrevistas --
_tCómo hacer la revisión de literatura.
590 _aInventariado,2018/DG
650 4 _aMetodología científica
_xProblemas y ejercicios
_98
650 4 _aInvestigación científica
_xProblemas y ejercicios
_99
650 4 _aInvestigación científica
_xMetodología
_910
910 _aValidado. Control de calidad MMOLINA
942 _2ddc
_cLBS1
999 _c53145
_d53145